Semiconductor Physics and Devices: Basic Principles

Detaylı Bibliyografya
Yazar: Dinald A Neaman
Materyal Türü: Bilinmiyor
LEADER 00886 a2200145 4500
020 |a 9789354601125 
100 |a Dinald A Neaman  |9 59934 
245 |a Semiconductor Physics and Devices: Basic Principles 
942 |c BK 
999 |c 47666  |d 47666 
952 |0 0  |1 0  |2 ddc  |4 0  |7 0  |9 78679  |a BRACUL  |b BRACUL  |d 2026-01-14  |e 71  |g 1317.00  |l 0  |r 2026-01-14  |t 4  |v 2634.00  |w 2026-01-14  |y BK  |z In process 
952 |0 0  |1 0  |2 ddc  |4 0  |7 0  |9 78680  |a BRACUL  |b BRACUL  |d 2026-01-14  |e 71  |g 1317.00  |l 0  |r 2026-01-14  |t 2  |v 2634.00  |w 2026-01-14  |y BK  |z In process 
952 |0 0  |1 0  |2 ddc  |4 0  |7 0  |9 78681  |a BRACUL  |b BRACUL  |d 2026-01-14  |e 71  |g 1317.00  |l 0  |r 2026-01-14  |t 5  |v 2634.00  |w 2026-01-14  |y BK  |z In process 
952 |0 0  |1 0  |2 ddc  |4 0  |7 0  |9 78682  |a BRACUL  |b BRACUL  |d 2026-01-14  |e 71  |g 1317.00  |l 0  |r 2026-01-14  |t 3  |v 2634.00  |w 2026-01-14  |y BK  |z In process 
952 |0 0  |1 0  |2 ddc  |4 0  |7 0  |9 78683  |a BRACUL  |b BRACUL  |d 2026-01-14  |e 71  |g 1317.00  |l 0  |r 2026-01-14  |t 1  |v 2634.00  |w 2026-01-14  |y BK  |z In process